The Duran Duran Quiz - Statistics

General Stats
  • This quiz has been taken 48 times
  • The average score is 13 of 22
Answer Stats
Hint Answer % Correct
1982 Rio
98%
The Singer Simon Le Bon
85%
The Bassist John Taylor
80%
The Keyboardist Nick Rhodes
76%
1981 Duran Duran
73%
The Drummer Roger Taylor
71%
1983 Seven And The Ragged Tiger
71%
1984 The Reflex
68%
1986 Notorious
66%
1988 Big Thing
54%
1985 A View To A Kill
51%
1990 Liberty
51%
2004 Astronaut
46%
2000 Pop Trash
46%
1995 Thank You
46%
2023 Danse Macabre
44%
2021 Future Past
44%
2015 Paper Gods
44%
1997 Medazzaland
41%
2007 Red Carpet Massacre
41%
2011 All You Need Is Now
39%
1993 Duran Duran (The Wedding Album)
20%
No matching quizzes found
Score Distribution
Percent of People with Each Score
Percentile by Number Answered
Your Score History
You have not taken this quiz